Statistics for Country Quiz #5

Click here to take the quiz!

General Stats

  • This quiz has been taken 15 times
  • The average score is 8 of 15

Answer Stats

QuestionAnswer% Correct
Whose flag is Senegal?
87%
"Sound of Music" set countryAustria
80%
Where Khmer is spokenCambodia
80%
Turkey says the northern part of this country is theirs.Cyprus
73%
Whos capital does NOT start with HBurundi
67%
Was or is NOT communistThailand
67%
Where Timbuktu isMali
60%
Biggest Central American country (Does NOT include Mexico)Nicaragua
60%
One of its subdivisions is JejuSouth Korea
53%
Where bagels were inventedPoland
40%
Closest country to Barbados (by distance between each capital)St. Vincent and the Grenadines
40%
Borders Lake ChadCameroon
33%
Whose flag carrier is AviancaColombia
33%
That touches the Prime MeridianTogo
13%
Whos Internet TLD is .saSaudi Arabia
7%

Score Distribution

Percentile by Number Answered

Percent of People with Each Score

Your Score History

You have not taken this quiz